LEADER 02086cam0-22005291i-450 001 990005306870403321 005 20180730090936.0 035 $a000530687 035 $aFED01000530687 035 $a(Aleph)000530687FED01 035 $a000530687 100 $a19990604g19621971km-y0itay50------ba 101 0 $aita 102 $aIT 105 $aafc-a---011yy 200 1 $aScritti vari di antichità$eraccolti da amici e allievi nel 75. compleanno dell'autore$fAttilio Degrassi 210 $aRoma$ca cura del Comitato d'onore$a[poi] Venezia ; Trieste$c[poi] a cura della Società istriana di archeologia e storia patria$d1962-1971 215 $a4 v.$cill., tav.$d25 cm 307 $aCopertina rigida telata 327 1 $a1.: Scritti di vario argomento. - 1962. - XXVIII, 704 p.$a2.: Scritti di antichità veneto-istriane. - 1962. - 705-1143 p.$a3.: 1967. - XV, 427 p.$a4.: 1971. - XXIII, 519 p. 610 0 $aEpigrafia latina 610 0 $aRoma antica$aStoria$aStudi 676 $a471.7$v21$zita 676 $a937$v17$zita 700 1$aDegrassi,$bAttilio$f<1887-1969>$0171835 801 0$aIT$bUNINA$gRICA$2UNIMARC 901 $aBK 912 $a990005306870403321 952 $a471.7 DEG 1 (1-4)$bs.i.$fFLFBC 952 $aDDR-Scr. Degrassi (1)$b2043$fDDR 952 $aDDR-Scr. Degrassi (2)$b2043$fDDR 952 $aDDR-Scr. Degrassi (3)$b2110$fDDR 952 $aDDR-Scr. Degrassi (4)$b2111$fDDR 952 $aDDR-Scr. Degrassi (1) al.es. 1$b2108$fDDR 952 $aDDR-Scr. Degrassi (2) al. es. 1$b2109$fDDR 952 $aDDR-DeMartino-Degra-002 (1)$fDDR 952 $aDDR-DeMartino-Degra-002 (2)$fDDR 952 $aDDR-DeMartino-Degra-002 (3)$fDDR 952 $aP2D-DEGRASSI A.(1)-1962$bIst.Archeol. 11237$fFLFBC$mBRAU-21755 952 $aP2D-DEGRASSI A.(2)-1962$bIst.Archeol. 11237$fFLFBC$mBRAU-21756 952 $aP2D-DEGRASSI A.(3)-1967$bIst.Archeol. 11237$fFLFBC$mBRAU-21757 952 $aIV M 224$b71331/84828$fFGBC 959 $aDDR 959 $aFLFBC 959 $aFGBC 996 $aScritti vari di antichità$9149766 997 $aUNINA LEADER 01302nam--2200409---450- 001 990002688630203316 005 20060411123345.0 010 $a1-84171-836-X 035 $a000268863 035 $aUSA01000268863 035 $a(ALEPH)000268863USA01 035 $a000268863 100 $a20051122d2005----km-y0itay0103----ba 101 $aeng 102 $aGB 105 $aa|||||||001yy 200 1 $aAustralia's eastern regional sequence revisited$etechnology and change at Capertee 3$fPeter Hiscock, Val Attenbrow 210 $aOxford$cArchaeopress$d2005 215 $a151 p.$cill.$d30 cm 225 2 $aBAR international series$v1397 410 0$12001$aBAR international series$v1397 454 1$12001 461 1$1001-------$12001 607 $aAustralia$xAntichità 676 $a994.01 700 1$aHISCOCK,$bPeter$0592148 701 1$aATTENBROW,$bVal$0592149 801 0$aIT$bsalbc$gISBD 912 $a990002688630203316 951 $aXI.5. Coll.12/ 32(X B Coll. 53/1397)$b183274 L.M.$cX B Coll.$d00176489 959 $aBK 969 $aUMA 979 $aVITALE$b90$c20051122$lUSA01$h1628 979 $aCOPAT1$b90$c20060411$lUSA01$h1233 979 $aCHIARA$b90$c20160209$lUSA01$h0950 996 $aAustralia's eastern regional sequence revisited$91003021 997 $aUNISA LEADER 02798nam a2200349 i 4500 001 991000718209707536 008 060630s2004 enk bu 000 0 eng d 035 $ab13900596-39ule_inst 040 $aDip.to Ingegneria dell'Innovazione$beng 082 0 $a620.82$222 245 00$aForestry machinery - Vibration test code for portable hand-held machines whith internal combustion engine - Vibration at the handles =$bMachines forestières - Code d'essai des vibrations pour machines portatives tenues à la main à moteur à combustion interne - Vibrations au niveau des poignées :$bISO 22867 :2004 /$c[International Organization for Standardization] 246 13$aISO 22867 :2004 246 31$aMachines forestières - Code d'essai des vibrations pour machines portatives tenues à la main à moteur à combustion interne - Vibrations au niveau des poignées 246 30$aVibration test code for portable hand-held machines whith internal combustion engine - Vibration at the handles 246 30$aCode d'essai des vibrations pour machines portatives tenues à la main à moteur à combustion interne - Vibrations au niveau des poignées 260 $aGeneva :$bInternational Organization for Standardization,$c2004 300 $av, 18 p. ;$c30 cm +$e1 enclosure 440 0$aInternational standard ;$vISO 222867: 2004 500 $aPrepared by Technical Committee ISO/TC 23, Tractors and machinery for agriculture and forestry, Subcommittee SC 17, Manually portable foerest machinery 500 $a"Technical Corrigendum 1" (2 p.) inserted 504 $aIncludes bibliographical references 546 $aIn English 650 4$aHuman engineering$xStandards 650 4$aBiomechanics$xStandards 710 2 $aInternational Organization for Standardization.$bTechnical Committee ISO/TC 23, Tractors and machinery for agriculture and forestry.$bSubcommittee SC 17, Manually portable foerest machinery$eauthor$4http://id.loc.gov/vocabulary/relators/aut$0731392 907 $a.b13900596$b02-04-14$c05-05-10 912 $a991000718209707536 945 $aLE026 NOR ISO 22867 2004$g1$i2026000030937$lle026$mATTENZIONE, ricordarsi di scansionare il barcode dell'allegato al momento del prestito e della restituzione dello stesso.$nProf. Messina / Biblioteca$op$pE130.78$q-$rn$s- $t1$u2$v0$w2$x0$y.i15123674$z05-05-10 945 $aLE026$callegato$g1$i2026000030920$lle026$mATTENZIONE, ricordarsi di scansionare il barcode dell'allegato al momento del prestito e della restituzione dello stesso.$o-$pE0.00$q-$rn$s- $t1$u0$v0$w0$x0$y.i15124812$z07-05-10 996 $aForestry machinery - Vibration test code for portable hand-held machines whith internal combustion engine - Vibration at the handles$91440871 997 $aUNISALENTO 998 $ale026$b30-06-06$cm$da $e-$feng$git $h0$i0